Surviving Adolescence: (Record no. 4083)

MARC details
000 -LEADER
fixed length control field 00833nam a2200229Ia 4500
003 - CONTROL NUMBER IDENTIFIER
control field GBCCL
005 - DATE AND TIME OF LATEST TRANSACTION
control field 20241126110510.0
008 - FIXED-LENGTH DATA ELEMENTS--GENERAL INFORMATION
fixed length control field 180110b xxu||||| |||| 00| 0 eng d
020 ## - INTERNATIONAL STANDARD BOOK NUMBER
International Standard Book Number 0830720650
040 ## - CATALOGING SOURCE
Transcribing agency gbc
082 ## - DEWEY DECIMAL CLASSIFICATION NUMBER
Classification number 248.83
Item number BUR
100 ## - MAIN ENTRY--PERSONAL NAME
Personal name Burns, Jim
9 (RLIN) 4836
245 ## - TITLE STATEMENT
Title Surviving Adolescence:
Remainder of title Learning to Like Yourself and Make Wise Decisions /
Statement of responsibility, etc. Jim Burns
260 ## - PUBLICATION, DISTRIBUTION, ETC.
Name of publisher, distributor, etc. Regal Books,
Place of publication, distribution, etc. California:
Date of publication, distribution, etc. 1997
300 ## - PHYSICAL DESCRIPTION
Extent 150 p.;
Other physical details ill.,
Dimensions 22 cm.
650 ## - SUBJECT ADDED ENTRY--TOPICAL TERM
Topical term or geographic name entry element Teenagers
Form subdivision Religious life
General subdivision Juvenile literature
9 (RLIN) 7838
650 ## - SUBJECT ADDED ENTRY--TOPICAL TERM
Topical term or geographic name entry element Self-esteem in adolescence
Form subdivision Religious aspects
-- Christianity
General subdivision Juvenile literature
9 (RLIN) 7839
650 ## - SUBJECT ADDED ENTRY--TOPICAL TERM
Topical term or geographic name entry element Teenagers
Form subdivision Conduct of life
General subdivision Juvenile literature
9 (RLIN) 7840
650 ## - SUBJECT ADDED ENTRY--TOPICAL TERM
Topical term or geographic name entry element Christian life
Form subdivision Juvenile literature
9 (RLIN) 5852
650 ## - SUBJECT ADDED ENTRY--TOPICAL TERM
Topical term or geographic name entry element Adolescence
Form subdivision Juvenile literature
9 (RLIN) 7841
942 ## - ADDED ENTRY ELEMENTS (KOHA)
Source of classification or shelving scheme Dewey Decimal Classification
Koha item type Books
Koha issues (borrowed), all copies 5
Holdings
Withdrawn status Lost status Source of classification or shelving scheme Damaged status Not for loan Home library Current Library Shelving location Date acquired Total checkouts Full call number Barcode Date last seen Date last checked out Copy number Price effective from Koha item type
    Dewey Decimal Classification     GRACE BIBLE COLLEGE GRACE BIBLE COLLEGE Ministry & Mission 2018-01-10 5 248.83 BUR 007720 2025-05-01 2023-03-16 c.1 2018-01-10 Books
© Grace Bible College Library 2025